Datum a čas kvízu
32
Celkem bodů
Celkový počet nahraných bodů na tomto kvízu bez doplňovacích otázek.
3.
Pořadí na kvízu
Konečné umístění týmu na tomto kvízu.
Zaznamenané odpovědi
| # | Otázka | Odpověď | Body | Výsledky |
|---|---|---|---|---|
| 1. | Prázdné a nastartované BMW upo... | štěnic | 1 | |
| 2. | 64letý exprezident jedné země,... | o Jižní Koreji (Korejské republice) | 1 | |
| 3. | V pátek měl na platformě Onepl... | Janákovi | 0 | |
| 4. | Minulý týden ohlásila jedna če... | Benu | 1 | |
| 5. | Minulý čtvrtek jsme se dozvědě... | Andrea Stramaccioni | 1 | |
| 6. | V tématu se zaměříme na nejrůz... | tamagoči / tamagotchi | 1 | |
| 7. | Stánků s langoši bylo v devade... | Starej fotr | 0 | |
| 8. | V našem tématu nemůžeme vynech... | 2000 (1999 až 2001 za bod) | 0 | |
| 9. | Nejdříve trendy doplněk, pozdě... | Bella Hadid | 0 | |
| 10. | Gramofonovým deskám leckdo pře... | long play | 1 |